[Event "Fredrikstad CC-ch"]
[Site "Fredrikstad"]
[Date "2003.04.23"]
[Round "10"]
[White "Saether, Lars"]
[Black "Boe, Timmy"]
[Result "0-1"]
[WhiteElo "1536"]
[BlackElo "1544"]
[PlyCount "42"]
[EventDate "2003.01.??"]
[EventType "swiss"]
[EventRounds "11"]
[EventCountry "NOR"]
[SourceTitle "EXT 2005"]
[Source "ChessBase"]
[SourceDate "2004.11.15"]
[SourceVersion "1"]
[SourceVersionDate "2004.11.15"]
[SourceQuality "1"]

1. d4 Nf6 2. c4 g6 3. Nc3 Bg7 4. e4 d6 5. Nf3 0-0 6. Bd3 e5 7. 0-0 exd4 8. Nxd4 Nbd7 9. f4 Nc5 10. Bc2 a5 11. Nde2 Re8 12. Ng3 Ng4 13. h3 Qh4 14. Qf3 Bd4+ 15. Kh1 Nf6 16. Nb5 Bxh3 17. Nxd4 Bg4+ 18. Kg1 Bxf3 19. Rxf3 Ncxe4 20. Nxe4 Nxe4 21. f5 Ng3 0-1

[Event "Fredrikstad CC-ch"]
[Site "Fredrikstad"]
[Date "2003.03.05"]
[Round "6"]
[White "Saether, Steinar"]
[Black "Boe, Timmy"]
[Result "1/2-1/2"]
[WhiteElo "1553"]
[BlackElo "1544"]
[PlyCount "48"]
[EventDate "2003.01.??"]
[EventType "swiss"]
[EventRounds "11"]
[EventCountry "NOR"]
[SourceTitle "EXT 2005"]
[Source "ChessBase"]
[SourceDate "2004.11.15"]
[SourceVersion "1"]
[SourceVersionDate "2004.11.15"]
[SourceQuality "1"]

1. e4 e5 2. Nf3 Nc6 3. d4 exd4 4. Nxd4 Nf6 5. Nxc6 bxc6 6. e5 Nd5 7. c4 Bb4+ 8. Bd2 Bxd2+ 9. Qxd2 Nb6 10. Bd3 d5 11. exd6 cxd6 12. 0-0 0-0 13. Nc3 Qh4 14. b3 Be6 15. Rfe1 d5 16. cxd5 cxd5 17. Nb5 Qf6 18. Rac1 Rfd8 19. Qe3 Rd7 20. Nd4 Re7 21. Nc6 Rc7 22. Ne5 Rac8 23. Rxc7 Rxc7 24. Nf3 h6 1/2-1/2

[Event "Fredrikstad CC-ch"]
[Site "Fredrikstad"]
[Date "2002.02.27"]
[Round "1"]
[White "Boe, Timmy"]
[Black "Saether, Steinar"]
[Result "1-0"]
[WhiteElo "1543"]
[BlackElo "1594"]
[PlyCount "61"]
[EventDate "2002.01.??"]
[EventType "swiss"]
[EventRounds "11"]
[EventCountry "NOR"]
[SourceTitle "EXT 2005"]
[Source "ChessBase"]
[SourceDate "2004.11.15"]
[SourceVersion "1"]
[SourceVersionDate "2004.11.15"]
[SourceQuality "1"]

1. e4 d5 2. exd5 Nf6 3. d4 Nxd5 4. c4 Nf6 5. Nc3 g6 6. Nf3 Bg7 7. Be2 0-0 8. 0-0 b6 9. Re1 Nbd7 10. Bf4 Nh5 11. Be3 Bb7 12. Qd2 Re8 13. Rad1 c6 14. Ne4 Qc7 15. d5 cxd5 16. cxd5 Nhf6 17. Nxf6+ Nxf6 18. d6 Qxd6 19. Qxd6 exd6 20. Rxd6 Ne4 21. Rd7 Bc8 22. Rc7 Bxb2 23. Bb5 Re6 24. Bh6 Nc5 25. Rd1 Bb7 26. Ng5 Rf6 27. Nxf7 Ba6 28. Nd6 Rd8 29. Rg7+ Kh8 30. Nf7+ Rxf7 31. Rxd8+ 1-0

[Event "Fredrikstad op"]
[Site "Fredrikstad"]
[Date "2001.11.21"]
[Round "8"]
[White "Andresen, Ragnar"]
[Black "Boe, Timmy"]
[Result "1-0"]
[WhiteElo "1408"]
[BlackElo "1476"]
[PlyCount "61"]
[EventDate "2001.08.??"]
[EventType "swiss"]
[EventRounds "9"]
[EventCountry "NOR"]
[SourceTitle "EXT 2005"]
[Source "ChessBase"]
[SourceDate "2004.11.15"]
[SourceVersion "1"]
[SourceVersionDate "2004.11.15"]
[SourceQuality "1"]

1. e4 c5 2. Nf3 d6 3. d4 cxd4 4. Nxd4 Nf6 5. Nc3 a6 6. Be2 e6 7. Be3 Be7 8. 0-0 b5 9. Bf3 Bb7 10. a3 Nbd7 11. Re1 0-0 12. Nde2 Ne5 13. Ng3 Qc7 14. Bf4 Nxf3+ 15. gxf3 Rac8 16. Rc1 Rfd8 17. Qe2 Qc6 18. Red1 d5 19. exd5 Nxd5 20. Nxd5 Rxd5 21. Rxd5 Qxd5 22. Qe4 Qd7 23. Qe2 Rc4 24. Bd2 Bxf3 25. Qxf3 Qxd2 26. Rd1 Qxc2 27. Rd7 Qc1+ 28. Kg2 Rc7 29. Rxe7 f5 30. Qa8+ Rc8 31. Re8+ 1-0